Amores, crímenes y política

Bibliographic Details
Main Author: Elejalde Arbeláez, Ramón.
Format: Electronic eBook
Language:Spanish
Published: Medellín, Colombia : Ediciones Universidad Autónoma Latinoamericana (UNAULA), 2012.
Edition:1. ed.
Series:Tierra baldía
Digitalia eBook Collection: Ediciones UNAULA.
Subjects:
Online Access:Digitalia Hispánica
LEADER 01212nam a2200325Ia 4500
001 DIGUNAU0030
003 NyNyDIG
006 m d
007 cr |||||||||||
008 140301s2012 ck ob 000 0 spa d
020 |z 9588366534 (pbk.) 
020 |z 9789588366531 (pbk.) 
040 |a DGITA  |b eng  |e pn  |c DGITA 
050 4 |a PN56.L6 eBook 
100 1 |a Elejalde Arbeláez, Ramón. 
240 1 0 |a Articles.  |k Selections 
245 1 0 |a Amores, crímenes y política   |h [electronic resource] /  |c Ramón Elejalde Arbeláez. 
250 |a 1. ed. 
260 |a Medellín, Colombia :  |b Ediciones Universidad Autónoma Latinoamericana (UNAULA),  |c 2012.  
300 |a 1 online resource (165 p.) 
490 1 |a Tierra baldía 
500 |a Articles previously published in the newspaper El Mundo, Medellín, Colombia, between 1996 and 2010. 
650 0 |a Love in literature. 
650 0 |a Politics in literature. 
655 0 |a Electronic books. 
791 2 |a Digitalia (Firm),  |e distributor. 
830 0 |a Tierra baldía 
830 0 |a Digitalia eBook Collection: Ediciones UNAULA. 
856 4 0 |3 Digitalia Hispánica  |u http://www.digitaliapublishing.com/a/19824/ 
910 |a Premium Collection: 2007-2012